| 000 | 00960nam a22003017a 4500 | ||
|---|---|---|---|
| 001 | 5207 | ||
| 003 | FISKH | ||
| 005 | 20251010085244.0 | ||
| 008 | 241119b cb ||||| |||| 00| 0 eng d | ||
| 020 | _a9781592490110 | ||
| 040 |
_aFISKH _beng _cFISKH _dFISKH |
||
| 050 | _aPZ10.B4517 | ||
| 082 | _a599.37 | ||
| 100 |
_aBentley, Dawn _d(1963-) |
||
| 245 |
_aBusy little beaver / _cby Dawn Bentley ; Illustrated by Beth Stover |
||
| 250 | _aFirst edition in 2003 | ||
| 260 |
_aWashington : _bLittleSoundprints, _c2003. |
||
| 300 |
_a48 pages : _bColor illustrations ; _c23 cm |
||
| 505 | _aG | ||
| 520 | _aBeaver and his mate avoid dangers from a fox and an owl as they build a lodge, raise a litter of kits, and prepare for winter. | ||
| 521 | 8 |
_a360L
_bLexile |
|
| 521 | 8 |
_aG
_bRaz-Plus |
|
| 650 |
_2Stuffed animal _aReader |
||
| 650 |
_2Early reader _aAnimals |
||
| 700 |
_aStover, Beth _dIllustrator |
||
| 942 |
_2ddc _cBK _n0 |
||
| 999 |
_c5207 _d5207 |
||